01057nam a22002893 450000100060000000300080000600500170001400800370003103500340006804000350010204100080013708200220014510000310016724501050019825000120030326000380031530000260035350000200037965000520039969000540045170000420050570000330054775200200058094200120060099900170061295201380062919222BD-RjUL20211209000412.0140223s1922 enk 001 0 d aCD-0000971434a(BD-RjUL)19280 aBD-RjULbengcBD-RjULdBD-RjUL aeng a 820.9bWYI 19221 aWyatt, Alfred John.95914810aIntermediate text-book of English literature /b by A.J. Wyatt and W.H. Low, revised by C.M. Drennan a3rd ed. aLondon : c1922.bNew oxford St., axvi, 438 p. ;c17 cm. aIncludes index. aENGLISH LITERATURE HISTORY AND CRITICISM95914900aEnglish literaturexCriticismxGeneral2pre209191 aDrennan, Charles Maxwell,eed.9591501 aLow, Walter Humboldt.959151 aEnglanddLondon 2ddccBK c19222d19222 00102ddc40718FICaRUCLbRUCLcReadingd1966-05-06eAustraliag0.00l0o820.9 WYI 1922r2014-02-23 00:00:00tC-1w2014-02-23yBK